Gminy powiatu wieluńskiego - Statystyki

Ogólne statystyki
  • Ten quiz został rozwiązany 101 razy
  • Średni wynik to 6 z 10
Statystyki odpowiedzi
Rodzaj Nazwa % Poprawnych
Miejsko-wiejska Wieluń
95%
Miejsko-wiejska Osjaków
73%
Wiejska Biała
66%
Wiejska Mokrsko
61%
Wiejska Pątnów
58%
Wiejska Wierzchlas
50%
Wiejska Czarnożyły
48%
Wiejska Skomlin
48%
Wiejska Ostrówek
35%
Wiejska Konopnica
34%
Nie znaleziono quizów pasujących do podanych kryteriów
Rozkład punktacji
Procent ludzi z każdym wynikiem
Percentyl według liczby udzielonych odpowiedzi
Twoja historia wyników
Nie rozwiązałeś tego quizu